<?xml version="1.0" encoding="UTF-8"?>
<record
    xmlns:xsi="http://www.w3.org/2001/XMLSchema-instance"
    xsi:schemaLocation="http://www.loc.gov/MARC21/slim http://www.loc.gov/standards/marcxml/schema/MARC21slim.xsd"
    xmlns="http://www.loc.gov/MARC21/slim">

  <leader>01609    a2200301   4500</leader>
  <controlfield tag="003">NALT</controlfield>
  <controlfield tag="005">20250716152223.0</controlfield>
  <controlfield tag="008">220426b        th ||||| |||| 00| 0 tha d</controlfield>
  <datafield tag="020" ind1=" " ind2=" ">
    <subfield code="a">9786168221624</subfield>
  </datafield>
  <datafield tag="040" ind1=" " ind2=" ">
    <subfield code="a">NALT</subfield>
  </datafield>
  <datafield tag="041" ind1="1" ind2=" ">
    <subfield code="a">tha</subfield>
    <subfield code="h">eng</subfield>
  </datafield>
  <datafield tag="050" ind1=" " ind2=" ">
    <subfield code="a">QA 276</subfield>
    <subfield code="b">&#xE27;858&#xE2A; 2564</subfield>
  </datafield>
  <datafield tag="100" ind1="1" ind2=" ">
    <subfield code="a">&#xE27;&#xE35;&#xE41;&#xE25;&#xE19;, &#xE0A;&#xE32;&#xE23;&#xE4C;&#xE25;&#xE2A;&#xE4C;.</subfield>
    <subfield code="9">57813</subfield>
  </datafield>
  <datafield tag="245" ind1="1" ind2="0">
    <subfield code="a">&#xE2A;&#xE16;&#xE34;&#xE15;&#xE34;&#xE09;&#xE1A;&#xE31;&#xE1A;&#xE40;&#xE0B;&#xE47;&#xE01;&#xE0B;&#xE35;&#xE48; =</subfield>
    <subfield code="b">Naked statistics : stripping the dread from the data /</subfield>
    <subfield code="c">Charles Wheelan ; &#xE01;&#xE24;&#xE14;&#xE34;&#xE01;&#xE23; &#xE40;&#xE1C;&#xE14;&#xE34;&#xE21;&#xE40;&#xE01;&#xE37;&#xE49;&#xE2D;&#xE01;&#xE39;&#xE25;&#xE1E;&#xE07;&#xE28;&#xE4C;, &#xE13;&#xE31;&#xE0E;&#xE10;&#xE1E;&#xE23;&#xE23;&#xE13; &#xE40;&#xE23;&#xE37;&#xE2D;&#xE07;&#xE28;&#xE34;&#xE23;&#xE34;&#xE19;&#xE38;&#xE2A;&#xE23;&#xE13;&#xE4C;, &#xE41;&#xE1B;&#xE25;.</subfield>
  </datafield>
  <datafield tag="246" ind1="3" ind2="1">
    <subfield code="a">Naked statistics : </subfield>
    <subfield code="b">stripping the dread from the data.</subfield>
  </datafield>
  <datafield tag="250" ind1=" " ind2=" ">
    <subfield code="a">&#xE1E;&#xE34;&#xE21;&#xE1E;&#xE4C;&#xE04;&#xE23;&#xE31;&#xE49;&#xE07;&#xE17;&#xE35;&#xE48; 2 (&#xE1B;&#xE23;&#xE31;&#xE1A;&#xE1B;&#xE23;&#xE38;&#xE07;&#xE43;&#xE2B;&#xE21;&#xE48;)</subfield>
  </datafield>
  <datafield tag="260" ind1=" " ind2=" ">
    <subfield code="a">&#xE01;&#xE23;&#xE38;&#xE07;&#xE40;&#xE17;&#xE1E;&#xE2F; :</subfield>
    <subfield code="b">&#xE1A;&#xE38;&#xE4A;&#xE04;&#xE2A;&#xE40;&#xE04;&#xE1B;,</subfield>
    <subfield code="c">2564.</subfield>
  </datafield>
  <datafield tag="300" ind1=" " ind2=" ">
    <subfield code="a">423 &#xE2B;&#xE19;&#xE49;&#xE32; :</subfield>
    <subfield code="b">&#xE20;&#xE32;&#xE1E;&#xE1B;&#xE23;&#xE30;&#xE01;&#xE2D;&#xE1A; ;</subfield>
    <subfield code="c">21 &#xE0B;&#xE21;.</subfield>
  </datafield>
  <datafield tag="650" ind1=" " ind2="4">
    <subfield code="9">11430</subfield>
    <subfield code="a">&#xE2A;&#xE16;&#xE34;&#xE15;&#xE34;</subfield>
  </datafield>
  <datafield tag="650" ind1=" " ind2="4">
    <subfield code="9">57819</subfield>
    <subfield code="a">&#xE01;&#xE32;&#xE23;&#xE27;&#xE34;&#xE40;&#xE04;&#xE23;&#xE32;&#xE30;&#xE2B;&#xE4C;&#xE04;&#xE27;&#xE32;&#xE21;&#xE04;&#xE25;&#xE32;&#xE14;&#xE40;&#xE04;&#xE25;&#xE37;&#xE48;&#xE2D;&#xE19; (&#xE04;&#xE13;&#xE34;&#xE15;&#xE28;&#xE32;&#xE2A;&#xE15;&#xE23;&#xE4C;)</subfield>
  </datafield>
  <datafield tag="650" ind1=" " ind2="4">
    <subfield code="9">11429</subfield>
    <subfield code="a">&#xE04;&#xE13;&#xE34;&#xE15;&#xE28;&#xE32;&#xE2A;&#xE15;&#xE23;&#xE4C;&#xE2A;&#xE16;&#xE34;&#xE15;&#xE34;</subfield>
  </datafield>
  <datafield tag="700" ind1="1" ind2=" ">
    <subfield code="9">57814</subfield>
    <subfield code="a">Wheelan, Charles.</subfield>
  </datafield>
  <datafield tag="700" ind1="0" ind2=" ">
    <subfield code="9">31998</subfield>
    <subfield code="a">&#xE01;&#xE24;&#xE14;&#xE34;&#xE01;&#xE23; &#xE40;&#xE1C;&#xE14;&#xE34;&#xE21;&#xE40;&#xE01;&#xE37;&#xE49;&#xE2D;&#xE01;&#xE39;&#xE25;&#xE1E;&#xE07;&#xE28;&#xE4C;</subfield>
  </datafield>
  <datafield tag="700" ind1="0" ind2=" ">
    <subfield code="9">57815</subfield>
    <subfield code="a">&#xE13;&#xE31;&#xE0E;&#xE10;&#xE1E;&#xE23;&#xE23;&#xE13; &#xE40;&#xE23;&#xE37;&#xE2D;&#xE07;&#xE28;&#xE34;&#xE23;&#xE34;&#xE19;&#xE38;&#xE2A;&#xE23;&#xE13;&#xE4C;</subfield>
  </datafield>
  <datafield tag="850" ind1=" " ind2=" ">
    <subfield code="a">NALT</subfield>
  </datafield>
  <datafield tag="942" ind1=" " ind2=" ">
    <subfield code="2">lcc</subfield>
    <subfield code="c">GB</subfield>
  </datafield>
  <datafield tag="998" ind1=" " ind2=" ">
    <subfield code="c">103</subfield>
    <subfield code="b">phon</subfield>
    <subfield code="j">8</subfield>
    <subfield code="k"> &#xE19;&#xE32;&#xE22;&#xE1A;&#xE31;&#xE13;&#xE11;&#xE34;&#xE15;  &#xE2D;&#xE38;&#xE17;&#xE32;&#xE27;&#xE07;&#xE04;&#xE4C;</subfield>
  </datafield>
  <datafield tag="999" ind1=" " ind2=" ">
    <subfield code="c">99977</subfield>
    <subfield code="d">99977</subfield>
  </datafield>
  <datafield tag="952" ind1=" " ind2=" ">
    <subfield code="0">0</subfield>
    <subfield code="1">0</subfield>
    <subfield code="2">lcc</subfield>
    <subfield code="4">0</subfield>
    <subfield code="7">0</subfield>
    <subfield code="8">CGBL</subfield>
    <subfield code="a">NALT</subfield>
    <subfield code="b">NALT</subfield>
    <subfield code="c">GEN</subfield>
    <subfield code="d">2022-04-21</subfield>
    <subfield code="e">1</subfield>
    <subfield code="l">1</subfield>
    <subfield code="o">QA 276 &#xE27;858&#xE2A; 2564</subfield>
    <subfield code="p">3961212684</subfield>
    <subfield code="r">2025-08-04 00:00:00</subfield>
    <subfield code="s">2025-07-16</subfield>
    <subfield code="t">&#xE09;.1</subfield>
    <subfield code="w">2022-04-21</subfield>
    <subfield code="y">GB</subfield>
  </datafield>
  <datafield tag="952" ind1=" " ind2=" ">
    <subfield code="0">0</subfield>
    <subfield code="1">0</subfield>
    <subfield code="2">lcc</subfield>
    <subfield code="4">0</subfield>
    <subfield code="7">0</subfield>
    <subfield code="8">CGBL</subfield>
    <subfield code="a">NALT</subfield>
    <subfield code="b">NALT</subfield>
    <subfield code="c">GEN</subfield>
    <subfield code="d">2022-04-21</subfield>
    <subfield code="e">1</subfield>
    <subfield code="o">QA 276 &#xE27;858&#xE2A; 2564</subfield>
    <subfield code="p">3961212685</subfield>
    <subfield code="r">2022-05-06 00:00:00</subfield>
    <subfield code="t">&#xE09;.2</subfield>
    <subfield code="w">2022-04-21</subfield>
    <subfield code="y">GB</subfield>
  </datafield>
</record>
